[Event "Titled Tue 19th Nov Early"]
[Site "chess.com INT"]
[Date "2024.11.19"]
[Round "8"]
[White "Shankland, S."]
[Black "Nakamura, Hi"]
[Result "0-1"]
[WhiteElo "2672"]
[BlackElo "2802"]
[PlyCount "126"]
[EventDate "2024.11.19"]

1. d4 d5 2. c4 e6 3. Nf3 a6 4. Bg5 Be7 5. Bxe7 Qxe7 6. Nbd2 Nf6 7. g3 b6 ({RR} 7... dxc4 8. Nxc4 b5 9. Na5 Qb4+ 10. Qd2 Qa4 11. a3 Ne4 12. Qb4 Qxb4+ 13. axb4 Nf6 14. Bg2 Nd5 15. Ne5 f6 16. Bxd5 exd5 17. Nd3 c6 18. Rc1 Kd7 19. f3 Re8 20. h4 Kc7 21. Nf4 Kd6 22. g4 {Lenderman,A (2570)-Andreikin,D (2729) chess.com INT 2022 0-1 (76)}) 8. Bg2 Bb7 9. cxd5 Nxd5 $146 ({RR} 9... exd5 10. Rc1 c5 11. Qb3 Nbd7 12. dxc5 Nxc5 13. Qa3 O-O 14. Nd4 Nfe4 15. Nxe4 dxe4 16. O-O Qe5 17. Qe3 Rfd8 18. Rfd1 a5 19. Bh3 g6 20. f4 Qf6 21. Bg2 Rd7 22. Bh3 Rd6 23. Nb3 Rxd1+ 24. Rxd1 {Wemmers,X (2344)-Gschnitzer,A (2443) Netherlands NED 2024 0-1 (35)}) ({RR} 9... exd5 10. O-O O-O 11. Rc1 Rc8 12. Bh3 Nbd7 13. Qb3 c5 14. dxc5 Rxc5 15. Nd4 g6 16. Qa3 Re8 17. b4 Rcc8 18. Rc3 Rxc3 19. Qxc3 Rc8 20. Qb2 Rc7 21. N2f3 Ne5 22. Nxe5 Qxe5 23. e3 Ne4 24. Rc1 {Razin,V (2342)-Genzling,J (2045) Montreal CAN 2026 1-0 (55)}) 10. O-O Nf6 11. Rc1 O-O 12. Qc2 Rc8 13. e4 Nbd7 14. Rfe1 c5 15. e5 Nd5 16. Ne4 cxd4 17. Qd2 Rxc1 18. Rxc1 Rd8 19. Qxd4 h6 20. a3 a5 21. h4 Nb8 22. Qa4 Nd7 23. Qd4 Ba6 24. Bf1 Bxf1 25. Kxf1 Nf8 26. Nd6 Ng6 27. Rc6 Qd7 28. Qc4 Nge7 29. Nd4 Nxc6 30. Nxc6 Rf8 31. Kg2 f6 32. b4 axb4 33. axb4 fxe5 34. Ne4 Qf7 35. Nxe5 Qf5 36. Nd7 Rd8 37. Nd6 Qh5 38. Qc6 Ne7 39. Qc7 Qd5+ 40. Kh2 Qa8 41. Nxb6 Qb8 42. Qxe7 Qxd6 43. Qxd6 Rxd6 44. Nc4 Rd4 45. Ne5 Rxb4 46. Kg2 Rb5 47. Ng6 Kf7 48. Nf4 g6 49. Kf3 e5 50. Ng2 Ke6 51. Ne3 Rb4 52. g4 Ra4 53. Kg3 h5 54. Kf3 Rf4+ 55. Kg3 Rf8 56. f3 Rc8 57. Kf2 Rc3 58. Nd1 Ra3 59. Ne3 Rb3 60. Ng2 hxg4 61. fxg4 Kd5 62. h5 gxh5 63. gxh5 Rh3 0-1

[Event "Titled Tue 12th Dec Early"]
[Site "chess.com INT"]
[Date "2023.12.12"]
[Round "7"]
[White "Andreikin, D."]
[Black "Paravyan, D."]
[Result "1-0"]
[WhiteElo "2729"]
[BlackElo "2612"]
[PlyCount "123"]
[EventDate "2023.12.12"]

1. d4 Nf6 2. c4 e6 3. Nf3 d5 4. Bg5 dxc4 5. e4 c5 6. Nc3 cxd4 7. Qxd4 Qxd4 8. Nxd4 h6 ({RR} 8... a6 9. Bxc4 Bb4 10. f3 Bd7 11. Rc1 Nc6 12. Nb3 Ne5 13. Be2 Bb5 14. a3 Bxe2 15. Kxe2 Be7 16. Na4 b5 17. Nb6 Rd8 18. Nc8 Bf8 19. Na5 h6 20. Be3 Nd3 21. Rc7 Nxb2 22. Nb6 Bd6 23. Ra7 {Andreikin,D (2710)-Ter Sahakyan,S (2613) chess.com INT 2026 1-0}) 9. Bh4 a6 ({RR} 9... Bd7 10. Bxc4 Nc6 11. Nxc6 Bxc6 12. f3 a6 13. Rc1 Nd7 14. O-O g5 15. Bf2 Bg7 16. Rfd1 Ke7 17. Bb3 Rhc8 18. a4 b6 19. Bc4 Bxc3 20. Rxc3 Bxa4 21. Ra1 b5 22. h4 Ne5 23. Be2 Rxc3 24. bxc3 {Stocek,J (2471)-Samunenkov,I (2584) Czech Republic CZE 2026 0-1 (52)}) 10. Bxc4 Bc5 $146 ({RR} 10... b5 11. Be2 Nbd7 12. f3 Ne5 13. Bf2 Bb4 14. O-O Bd7 15. a4 Bxc3 16. bxc3 bxa4 17. Bg3 Nc6 18. Rxa4 Nxd4 19. Rxd4 O-O 20. Rd6 Bc8 21. Ra1 Rb8 22. c4 Rb2 23. Bf1 Bb7 24. Rad1 Rb3 25. c5 {Ivanchuk,V (2623)-Tari,A (2635) Djerba TUN 2024 1-0 (33)}) 11. Nb3 Ba7 12. f3 Nc6 13. Bf2 Ne5 14. Be2 Bd7 15. Rc1 Bxf2+ 16. Kxf2 Ke7 17. f4 Neg4+ 18. Kg3 h5 19. h3 h4+ 20. Kf3 Nh6 21. Na5 b6 22. Nc4 Bc6 23. Nxb6 Rab8 24. Nc4 Nf5 25. Rhd1 Ng3 26. Bd3 Rhd8 27. Ke3 Ba8 28. b3 Nd5+ 29. exd5 exd5 30. Kf2 dxc4 31. Bxc4 a5 32. Ne2 Ne4+ 33. Ke3 Nd6 34. Kf2 Nxc4 35. Rxd8 Rxd8 36. Rxc4 Rd2 37. Ra4 Bxg2 38. Kxg2 Rxe2+ 39. Kf3 Rh2 40. Kg4 Rg2+ 41. Kxh4 g6 42. Rxa5 Kf6 43. a4 Kg7 44. Rg5 Rb2 45. Rb5 Rg2 46. Rb7 Rg1 47. a5 Rg2 48. a6 Kf6 49. a7 Ra2 50. b4 Ke6 51. b5 f6 52. b6 Ra3 53. Rg7 Kf5 54. b7 g5+ 55. fxg5 Ra4+ 56. Kh5 Ra3 57. h4 Rxa7 58. b8=Q Rxg7 59. Qb5+ Ke6 60. Qb6+ Kf7 61. Qxf6+ Kg8 62. Qxg7+ 1-0

[Event "Julius Baer Gen Cup D1 L"]
[Site "chess.com INT"]
[Date "2024.09.28"]
[Round "1.2"]
[White "Fedoseev, Vl3"]
[Black "Erigaisi, Arjun"]
[Result "1/2-1/2"]
[WhiteElo "2692"]
[BlackElo "2778"]
[PlyCount "124"]
[EventDate "2024.09.28"]
[EventType "k.o."]

1. d4 e6 2. Nf3 d5 3. c4 c6 4. Bg5 f6 5. Bd2 ({RR} 5. Bf4 g5 6. Bxb8 Rxb8 7. e3 Bd6 8. Nc3 Ne7 9. Bd3 Ng6 10. g4 e5 11. Bf5 e4 12. Nd2 Bb4 13. cxd5 Bxc3 14. bxc3 cxd5 15. c4 Bxf5 16. gxf5 Nh4 17. cxd5 Qa5 18. Kf1 Qxd5 19. Qb1 Kd7 {Yu,Y (2760)-Xu,X (2574) China 2018 ½-½ (48)}) 5... f5 ({RR} 5... Nd7 6. Qb3 Nb6 7. e3 a5 8. a3 Ne7 9. Nc3 dxc4 10. Bxc4 Nxc4 11. Qxc4 b6 12. Qb3 Nd5 13. O-O Bd6 14. e4 Ne7 15. Be3 Rb8 16. Rfd1 O-O 17. Rac1 Kh8 18. Ne2 Qe8 19. Bf4 Bxf4 20. Nxf4 {Lalic,B (2297)-Fodor,T (2520) England ENG 2026 ½-½}) 6. Bf4 $146 ({RR} 6. e3 Nf6 7. Bd3 Bd6 8. Qb3 Qe7 9. O-O Ne4 10. Qc2 O-O 11. Ne5 Nd7 12. f4 Ndf6 13. Nc3 Nxd2 14. Qxd2 Ne4 15. Bxe4 fxe4 16. c5 Bc7 17. b4 Bd7 18. a4 b6 19. Ne2 bxc5 20. bxc5 Rab8 {Kreiling,C (2118)-Kuhn,U (1695) Bad Zwesten 2002 ½-½ (40)}) 6... Nf6 7. e3 Ne4 8. Bd3 Nd7 9. Nc3 g5 10. Bg3 h5 11. cxd5 exd5 12. Qc2 h4 13. Be5 Rh6 14. h3 a5 15. Bh2 a4 16. a3 Qa5 17. O-O Be7 18. Ne5 Ndf6 19. f3 Nd6 20. e4 dxe4 21. fxe4 f4 22. Nf3 Nh5 23. e5 Nf7 24. Bg6 Be6 25. Rad1 Kf8 26. Qe4 Rd8 27. Bf5 Bb3 28. Rd2 Kg7 29. Bg4 Ng3 30. Bxg3 hxg3 31. h4 Rdh8 32. e6 Nd8 33. d5 cxd5 34. Nxd5 Bc5+ 35. Kh1 Nxe6 36. Qe5+ Kf8 37. Qb8+ Qd8 38. Qxd8+ Nxd8 39. Nxg5 Rxh4+ 40. Bh3 Bf2 41. Nf3 Rxh3+ 42. gxh3 Ne6 43. Kg2 Rh5 44. Nf6 Rb5 45. Rfxf2 gxf2 46. Kxf2 Ke7 47. Ne4 Rh5 48. h4 Bd5 49. Neg5 Nxg5 50. hxg5 Bc6 51. Rd4 b5 52. Rxf4 Bxf3 53. Rxf3 Rxg5 54. b3 b4 55. bxa4 bxa3 56. Rxa3 Kd6 57. a5 Kc7 58. a6 Kb8 59. a7+ Ka8 60. Ke2 Rg7 61. Kd2 Rxa7 62. Rxa7+ Kxa7 1/2-1/2

[Event "Titled Tue 21st Apr 2026"]
[Site "chess.com INT"]
[Date "2026.04.21"]
[Round "9"]
[White "Nihal, Sarin"]
[Black "Nakamura, Hi"]
[Result "1/2-1/2"]
[WhiteElo "2723"]
[BlackElo "2810"]
[PlyCount "124"]
[EventDate "2026.04.21"]

1. d4 d5 2. c4 e6 3. Nf3 Nf6 4. g3 c5 5. Bg2 cxd4 6. O-O Bc5 7. cxd5 Nxd5 8. Nxd4 O-O 9. Nb3 Be7 10. Nc3 $146 ({RR} 10. Bd2 Nc6 11. Nc3 Nxc3 12. Bxc3 Qb6 13. Nd4 Nb4 14. a3 Nd5 15. Nf5 Bf6 16. Bxd5 exd5 17. Qxd5 Rd8 18. Qf3 Bxf5 19. Qxf5 Bxc3 20. bxc3 Qc6 21. Qc2 h5 22. Rfd1 Rac8 23. a4 g6 24. h4 b6 {Mishra,A (2652)-So,W (2756) Saint Louis, US 2025 ½-½ (52)}) ({RR} 10. Bd2 Nc6 11. Nc3 Nxc3 12. Bxc3 Qb6 13. e3 Rd8 14. Qe2 e5 15. Rfc1 a5 16. Nd2 f6 17. Qc4+ Kh8 18. Qf7 Rf8 19. Nc4 Qa6 20. Qd5 Rd8 21. Qf7 Rf8 22. Qd5 Rd8 23. Qf7 Rf8 {½-½ (23) Giri,A (2764)-Yakubboev,N (2689) Hong Kong HKG 2026}) ({RR} 10. Bd2 Nc6 11. Nc3 Nxc3 12. Bxc3 Qb6 13. Nd4 Nb4 14. a3 Nd5 15. Nf5 Bf6 16. Bxd5 exd5 17. Qxd5 Rd8 18. Qf3 Bxf5 19. Qxf5 Bxc3 20. bxc3 Qc6 21. Qc2 h5 22. Rfd1 Rac8 23. a4 g6 24. h4 b6 {Mishra,A (2652)-So,W (2756) Saint Louis USA 2025 ½-½ (52)}) 10... Nxc3 11. bxc3 Nc6 12. Qc2 Qc7 13. Rd1 e5 14. Be3 b6 15. Rd2 Be6 16. Rad1 Rad8 17. Qe4 Rxd2 18. Rxd2 Rc8 19. Qa4 Nb8 20. Bd5 Bxd5 21. Rxd5 Qc6 22. Qg4 Rd8 23. Rxd8+ Bxd8 24. c4 Nd7 25. Nd2 g6 26. Qe4 Qxe4 27. Nxe4 Be7 28. f4 f5 29. Nc3 Kf7 30. Kf2 Nf6 31. h3 exf4 32. gxf4 Ke6 33. Kf3 Ne8 34. Bd4 Nd6 35. c5 Nc4 36. cxb6 axb6 37. e4 Bb4 38. exf5+ gxf5 39. Nb5 Kd5 40. Bf2 Nd2+ 41. Ke2 Ne4 42. Be3 Bc5 43. Kd3 Bxe3 44. Kxe3 Kc4 45. Nd4 Nd6 46. Ne6 Kc3 47. Ng5 h5 48. Ne6 b5 49. Nc7 b4 50. h4 Nc4+ 51. Ke2 Nb6 52. Ke3 Kb2 53. Na6 Kc3 54. Nxb4 Kxb4 55. Kd4 Nc4 56. a4 Nd2 57. Ke5 Nf3+ 58. Kxf5 Nxh4+ 59. Kg5 Nf3+ 60. Kxh5 Nd4 61. f5 Nxf5 62. a5 Kxa5 1/2-1/2

[Event "Clash of Claims 2024"]
[Site "Madrid ESP"]
[Date "2024.06.08"]
[Round "16"]
[White "Kramnik, V."]
[Black "Martinez Alcantara, Jose Eduardo"]
[Result "0-1"]
[WhiteElo "2753"]
[BlackElo "2612"]
[PlyCount "122"]
[EventDate "2024.06.07"]

1. d4 d5 2. c4 e6 3. Nf3 Nf6 4. g3 Bb4+ 5. Bd2 Be7 6. Bg2 O-O 7. O-O Nbd7 8. Qc2 Ne4 9. Rd1 c6 10. Be1 ({RR} 10. Bf4 g5 11. Bc1 f5 12. Nc3 Qe8 13. Nxe4 fxe4 14. Nxg5 Nf6 15. f3 Qh5 16. Nh3 e5 17. Nf2 exd4 18. Rxd4 Bc5 19. Be3 Qe5 20. Qd2 exf3 21. exf3 Re8 22. b4 Bb6 23. c5 Qxe3 24. cxb6 Qxd2 {Cheparinov,I (2689)-Aronian,L (2785) Doha 2016 ½-½ (59)}) 10... f5 11. b4 ({RR} 11. Nc3 Bd6 12. Nd2 Ndf6 13. f3 Nxc3 14. Qxc3 f4 15. e4 fxe3 16. Qxe3 Re8 17. c5 Bc7 18. f4 a5 19. Nf3 b6 20. cxb6 Bxb6 21. Ne5 Bb7 22. Rac1 Qd6 23. Qb3 c5 24. dxc5 Bxc5+ 25. Kh1 Ba6 {Castrillon Gomez,M (2141)-Genkeswaran,G (2164) Hong Kong HKG 2026 1-0 (50)}) 11... Bf6 12. a4 $146 ({RR} 12. Nc3 Nb6 13. c5 Nc4 14. e3 Bd7 15. Bf1 Na3 16. Qb3 Nb5 17. Ne2 g5 18. a4 Nc7 19. Ne5 g4 20. h4 Qe7 21. Nf4 Be8 {½-½ (21) Ernst,S (2373)-Van der Wiel,J (2531) Vlissingen 2000}) 12... g5 13. Nc3 Qe7 14. e3 g4 15. Nd2 h5 16. b5 h4 17. bxc6 bxc6 18. cxd5 cxd5 19. Ndxe4 fxe4 20. Nxe4 dxe4 21. Qxe4 Rb8 22. Qxg4+ Bg7 23. Rab1 Ba6 24. Rxb8 Rxb8 25. d5 Ne5 26. Qh5 Qf7 27. Qxf7+ Kxf7 28. dxe6+ Kxe6 29. Bc3 Be2 30. Re1 Bc4 31. Bxe5 Bxe5 32. Rc1 Bb3 33. a5 hxg3 34. hxg3 Bd6 35. Rc6 Rb4 36. Ra6 Ra4 37. Rxa7 Ra1+ 38. Kh2 Ra2 39. f4 Bd5 40. f5+ Ke5 41. e4 Bxe4 42. Kh3 Bxg2+ 43. Kg4 Be4 44. a6 Bxf5+ 45. Kg5 Bd3 46. Ra8 Bxa6 47. Re8+ Kd5 48. g4 Bd3 49. Re3 Ra5 50. Kf6 Kd4 51. Re1 Be5+ 52. Kf7 Bc4+ 53. Kg6 Ra6+ 54. Kg5 Bd3 55. Kh5 Bf4 56. g5 Be3 57. Rh1 Ra5 58. Rh4+ Be4 59. Rg4 Kd3 60. Kh6 Ra6+ 61. Kh5 Bf3 0-1

[Event "Clash of Claims 2024"]
[Site "Madrid ESP"]
[Date "2024.06.07"]
[Round "5"]
[White "Kramnik, V."]
[Black "Martinez Alcantara, Jose Eduardo"]
[Result "1/2-1/2"]
[WhiteElo "2753"]
[BlackElo "2612"]
[PlyCount "122"]
[EventDate "2024.06.07"]

1. d4 d5 2. c4 e6 3. Nf3 Nf6 4. g3 Bd6 5. Bg2 Nc6 6. O-O O-O 7. Nbd2 a5 8. b3 a4 9. Bb2 Bb4 ({RR} 9... a3 10. Bc3 Bb4 11. Qc2 Bxc3 12. Qxc3 Ne4 13. Qe3 f5 14. Rfc1 Qf6 15. Nf1 Rd8 16. Rd1 Nb4 17. Qc1 c5 18. e3 b6 19. Ne5 Ba6 20. f3 Nd6 21. Nd2 cxd4 22. exd4 f4 23. g4 Nf7 24. Qc3 {Maghsoodloo,P (2720)-Bluebaum,M (2695) chess.com INT 2026 0-1 (32)}) 10. bxa4 $146 ({RR} 10. a3 Bxd2 11. Nxd2 axb3 12. Qxb3 Na5 13. Qc2 b6 14. cxd5 exd5 15. Bc3 Ba6 16. Bxa5 bxa5 17. Rfe1 Qd6 18. e4 dxe4 19. Nxe4 Nxe4 20. Bxe4 Rad8 21. Bxh7+ Kh8 22. Be4 Rfe8 23. Rad1 Re7 24. Qc3 a4 {Kramnik,V (2753)-Martinez Alcantara,J (2612) Madrid ESP 2024 1-0 (32)}) 10... Bd7 11. Qc2 Ne7 12. Ne5 Bxa4 13. Nb3 c6 14. Nd3 Bd6 15. Ndc5 Ra7 16. Nxa4 Rxa4 17. Nd2 Qa8 18. e4 Bb4 19. e5 Nd7 20. cxd5 cxd5 21. Nf3 Rc8 22. Qb3 Ba3 23. Rab1 Bxb2 24. Rxb2 b6 25. Rd1 h6 26. Qb5 Rc7 27. Rdd2 Ra3 28. Rdc2 Raa7 29. Bf1 Qc8 30. Bd3 Rxc2 31. Rxc2 Rc7 32. Rxc7 Qxc7 33. Kg2 Nc6 34. h4 Ndb8 35. Bb1 Nd7 36. Qd3 Nf8 37. Qc2 Qb7 38. Qc3 Na5 39. Bd3 Qd7 40. Qb4 Qc7 41. Bb5 Nc4 42. a4 Ng6 43. h5 Ne7 44. Qc3 Qb7 45. Nd2 Nxd2 46. Qxd2 Qc7 47. Qb4 Nf5 48. Bd3 Ne7 49. Qb5 Nc6 50. Qb2 Na5 51. Qb5 Nc6 52. Qa6 Qb8 53. Qb5 Nxd4 54. Qd7 Nf5 55. Bxf5 exf5 56. Qxd5 Qe8 57. Qb5 Qa8+ 58. Kg1 Qd8 59. Kg2 Qa8+ 60. Kg1 Qd8 61. Kg2 Qa8+ 1/2-1/2

[Event "Esports World Cup B 2025"]
[Site "Riyadh KSA"]
[Date "2025.07.29"]
[Round "1.1"]
[White "Erigaisi, Arjun"]
[Black "Nihal, Sarin"]
[Result "1-0"]
[WhiteElo "2776"]
[BlackElo "2692"]
[PlyCount "119"]
[EventDate "2025.07.29"]
[EventType "k.o."]

1. d4 d5 2. c4 e6 3. Nf3 Nf6 4. e3 Be7 5. b3 O-O 6. Bd3 Nbd7 7. O-O c5 8. Bb2 cxd4 9. exd4 b6 10. Nc3 Bb7 11. Qe2 Re8 12. Rad1 Bf8 ({RR} 12... Rc8 13. Ne5 Bb4 14. a3 Bxc3 15. Bxc3 Nxe5 16. dxe5 Nd7 17. Bb4 Qh4 18. Bd6 Nc5 19. Bc2 dxc4 20. bxc4 Ba6 21. f4 Nb7 22. Rd4 Nxd6 23. exd6 Qf6 24. Rfd1 Red8 25. d7 Rc7 26. h3 h6 27. Qd3 {Erigaisi,A (2761)-Svane,R (2620) chess.com INT 2026 0-1 (41)}) 13. Ne5 dxc4 $146 ({RR} 13... g6 14. Rfe1 a6 15. Qd2 Rc8 16. Qf4 Qc7 17. cxd5 exd5 18. Ne2 b5 19. Ng3 Bg7 20. Re3 Nf8 21. h4 Ne6 22. Qf3 Qb6 23. Bb1 Qd8 24. Nf1 Rc7 25. Nd2 b4 26. g3 a5 27. Qe2 Qa8 28. f4 {Szabo,L-Pogats,J Budapest 1969 0-1 (41)}) 14. bxc4 g6 15. f4 Bg7 16. Nb5 Bf8 17. a4 a6 18. Nc3 Bg7 19. a5 bxa5 20. c5 Qc7 21. Bc4 Rad8 22. Bxa6 Nxe5 23. fxe5 Nd5 24. Bxb7 Qxb7 25. Ne4 Qc6 26. h4 Rb8 27. Bc1 a4 28. h5 Rf8 29. Qg4 a3 30. Bxa3 Rb3 31. Bc1 Ne7 32. h6 Bh8 33. Nd6 Qd5 34. Qe4 f6 35. exf6 Rxf6 36. Rfe1 Qxe4 37. Rxe4 Nd5 38. Bg5 Rf8 39. Rxe6 Rb4 40. Kh2 Rxd4 41. Rc1 Rg4 42. Be3 Nxe3 43. Rxe3 Bd4 44. Re4 Rxe4 45. Nxe4 Rf4 46. Nd2 Be5 47. Kh3 Rf5 48. Nf3 Bc7 49. c6 Rh5+ 50. Kg4 Rxh6 51. Rd1 Rh5 52. Rd7 Bb6 53. Rb7 Ba5 54. Ng5 Rh1 55. Rb8+ Kg7 56. Rb7+ Kg8 57. Ne4 h5+ 58. Kg5 Rc1 59. Nf6+ Kf8 60. Kxg6 1-0

[Event "Hamburg FIDE GP"]
[Site "Hamburg"]
[Date "2019.11.17"]
[Round "4.5"]
[White "Grischuk, Alexander"]
[Black "Duda, Jan Krzysztof"]
[Result "1-0"]
[WhiteElo "2764"]
[BlackElo "2748"]
[PlyCount "119"]
[EventDate "2019.11.05"]
[EventType "k.o."]
[EventRounds "4"]
[EventCountry "GER"]
[SourceTitle "CBM 193"]
[Source "ChessBase"]
[SourceDate "2019.12.31"]
[SourceVersion "1"]
[SourceVersionDate "2019.12.31"]
[SourceQuality "1"]

1. d4 d5 2. c4 c6 3. Nf3 Nf6 4. e3 e6 5. Bd3 Nbd7 6. b3 b6 7. O-O Bb7 8. Bb2 dxc4 9. bxc4 c5 10. d5 exd5 11. cxd5 Bxd5 12. e4 Bc6 13. Re1 $146 ({RR} 13. e5 Ne4 14. Qe2 Ng5 15. Nxg5 Qxg5 16. f4 Qe7 17. Nc3 O-O-O 18. Ne4 Qe8 19. Rad1 Be7 20. Bc4 f6 21. Nd6+ Bxd6 22. Rxd6 Nb8 23. Qg4+ Bd7 24. Qxg7 fxe5 25. Bxe5 Qf8 26. Rc6+ {1-0 (26) Plotkin,M (2396)-Jung,H (2033) Banff 2021}) ({RR} 13. e5 Ne4 14. Qe2 Ng5 15. Nxg5 Qxg5 16. f4 Qe7 17. Nc3 O-O-O 18. Ne4 Qe8 19. Rad1 Be7 20. Bc4 f6 21. Nd6+ Bxd6 22. Rxd6 Nb8 23. Qg4+ Bd7 24. Qxg7 fxe5 25. Bxe5 Qf8 26. Rc6+ {1-0 (26) Plotkin,M (2396)-Jung,H (2033) Banff 2021}) 13... Qe7 14. Nc3 O-O-O 15. Nd5 Qe8 16. a4 Bd6 17. Ba6+ Kb8 18. Qb3 Nxe4 19. a5 Bc7 20. axb6 axb6 21. Bb5 Bb7 22. Qa4 Qe6 23. Bc6 Bxh2+ 24. Nxh2 Qxc6 25. Qa7+ Kc8 26. Ne7+ Kc7 27. Nxc6 Ra8 28. Rxe4 Rxa7 29. Rxa7 Kxc6 30. Re7 Rd8 31. Nf3 b5 32. Rxf7 b4 33. Rxg7 Kb6 34. Ra1 Bxf3 35. gxf3 Nf8 36. Rg8 c4 37. Bg7 Ne6 38. Rxd8 Nxd8 39. Rc1 Kb5 40. f4 Ne6 41. Be5 Nc5 42. Kf1 Nd3 43. Rd1 Kc5 44. Ke2 Kd5 45. Rh1 Nc5 46. Rxh7 c3 47. Bxc3 bxc3 48. Rc7 c2 49. Kd2 Ne4+ 50. Kxc2 Nxf2 51. Kd2 Ke4 52. Ke2 Ng4 53. Rc4+ Kf5 54. Kf3 Nh2+ 55. Kg2 Ng4 56. Kg3 Ne3 57. Rc5+ Kf6 58. Kf3 Nf5 59. Ra5 Kg6 60. Ra6+ 1-0

[Event "2nd 3-0 Thu 1st Jan 2026"]
[Site "chess.com INT"]
[Date "2026.01.01"]
[Round "7"]
[White "Aravindh, Chithambaram VR."]
[Black "Bluebaum, M."]
[Result "1-0"]
[WhiteElo "2700"]
[BlackElo "2679"]
[PlyCount "119"]
[EventDate "2026.01.01"]

1. d4 d5 2. c4 e6 3. Nf3 Nf6 4. g3 Nc6 5. Bg2 Bd6 6. O-O O-O 7. e3 ({RR} 7. b3 dxc4 8. bxc4 e5 9. c5 Be7 10. dxe5 Qxd1 11. Rxd1 Ne4 12. Ba3 Bxc5 13. e3 Be6 14. Rc1 Rfd8 15. Ne1 Bxa3 16. Nxa3 Ng5 17. Nb5 Nh3+ 18. Bxh3 Bxh3 19. Nxc7 Rac8 20. Nb5 Nxe5 21. Rxc8 Rxc8 {Giri,A (2748)-Firouzja,A (2766) Zagreb 2025 0-1 (41)}) 7... dxc4 8. Nbd2 ({RR} 8. Nfd2 e5 9. d5 Na5 10. Qa4 b6 11. Nxc4 Nxc4 12. Qxc4 a5 13. Nc3 Ba6 14. Nb5 a4 15. Qc6 Qd7 16. Nxd6 Qxc6 17. dxc6 Bxf1 18. Bxf1 cxd6 19. Bd2 Rfc8 20. Rc1 Rc7 21. Bb4 Ne8 22. e4 Kf8 {Duda,J (2739)-Sitbon,I (2156) chess.com INT 2026 1-0 (56)}) 8... Na5 $146 ({RR} 8... e5 9. dxe5 Nxe5 10. Nxe5 Bxe5 11. Nxc4 Qe7 12. Qc2 Re8 13. Bd2 c6 14. Nxe5 Qxe5 15. Bc3 Qe7 16. e4 Nxe4 17. Bxe4 Bh3 18. Rfe1 Qg5 19. Bxh7+ Kh8 20. Be4 Qh5 21. Bg2 Bxg2 22. Kxg2 f6 23. Rad1 {Stribuk,A (2476)-Ashraf,A (2470) chess.com INT 2025 1-0 (43)}) 9. Qc2 b5 10. a4 c6 11. e4 Be7 12. Rd1 Bb7 13. Ne5 Qb6 14. Ndf3 Nb3 15. Rb1 Nxc1 16. Rdxc1 Rad8 17. b3 cxb3 18. Rxb3 b4 19. Bh3 h6 20. Nxf7 Kxf7 21. Ne5+ Kg8 22. Bxe6+ Kh7 23. Bf5+ g6 24. Nxg6 Kg7 25. Nxe7 Qxd4 26. Ng6 Rf7 27. Nf4 Re7 28. Rd3 Qb6 29. Rxd8 Qxd8 30. Ne6+ Rxe6 31. Bxe6 Qd4 32. Rd1 Qe5 33. Bf5 c5 34. f4 Qe7 35. e5 Nd5 36. Qd3 c4 37. Qd4 c3 38. Be4 b3 39. Bxd5 c2 40. Rf1 Bxd5 41. f5 Qb7 42. e6+ Kh7 43. f6 Bxe6 44. Qd3+ Kh8 45. Qg6 Qf7 46. Qxh6+ Kg8 47. Qg5+ Kh8 48. Qd2 Kg8 49. Qd8+ Qf8 50. f7+ Kg7 51. Qg5+ Kh7 52. Rf6 Bxf7 53. Qh4+ Kg7 54. Qg5+ Kh7 55. Qf5+ Kg7 56. Rxf7+ Qxf7 57. Qg5+ Qg6 58. Qe5+ Kh6 59. Qe7 c1=Q+ 60. Kg2 1-0

[Event "Titled Tue 11th Mar Early"]
[Site "chess.com INT"]
[Date "2025.03.11"]
[Round "8"]
[White "Ter Sahakyan, S."]
[Black "Grandelius, N."]
[Result "1/2-1/2"]
[WhiteElo "2611"]
[BlackElo "2644"]
[PlyCount "120"]
[EventDate "2025.03.11"]

1. d4 d5 2. c4 e6 3. Nf3 a6 4. e3 Nf6 5. Nc3 dxc4 6. a4 b6 7. Bxc4 Bb7 8. O-O Bb4 9. Qe2 O-O 10. Rd1 Nbd7 11. Bd3 Bxc3 ({RR} 11... c5 12. dxc5 Bxc5 13. b3 Qe7 14. Bb2 h6 15. h3 Rfc8 16. Nd2 Ne5 17. Nce4 Nxd3 18. Nxf6+ gxf6 19. Qxd3 Rd8 20. Qe2 Kh7 21. Nf3 Rg8 22. Bd4 Bb4 23. Rac1 e5 24. Bc3 Ba3 25. Bb2 Bc5 26. Ne1 {Mamedyarov,S (2740)-Duda,J (2732) Krakow POL 2023 1-0 (51)}) 12. bxc3 Be4 $146 ({RR} 12... Qe7 13. e4 e5 14. Ba3 c5 15. d5 Ne8 16. c4 Nd6 17. Nd2 Rab8 18. Rab1 g6 19. a5 b5 20. cxb5 axb5 21. Bxb5 Nxb5 22. Qxb5 Bxd5 23. Qa4 Be6 24. a6 Ra8 25. Rb7 Rfb8 26. Qc6 Rc8 27. Rc7 {Neelash,S (2474)-Gomez Sanjuan,H (2204) Roquetas de Mar ESP 2026 ½-½ (54)}) 13. c4 c5 14. Bb2 cxd4 15. Bxe4 Nxe4 16. exd4 Nef6 17. d5 exd5 18. cxd5 Re8 19. Qc4 Re4 20. Qb3 Nc5 21. Qc2 Qd6 22. a5 b5 23. Be5 Rxe5 24. Nxe5 Rc8 25. Nc6 Ng4 26. g3 Nf6 27. Rac1 Nfd7 28. Qe2 Kf8 29. Qh5 h6 30. Qf5 Rc7 31. Qh7 Nf6 32. Qh8+ Ng8 33. Re1 Nd3 34. Re8+ Kxe8 35. Qxg8+ Qf8 36. Qxf8+ Kxf8 37. Rd1 Nc5 38. Nb4 Rd7 39. d6 Nb7 40. Nxa6 Nxa5 41. Nc5 Rd8 42. d7 Ke7 43. Rb1 Nc6 44. Rxb5 Nb8 45. Rb7 Nxd7 46. Rxd7+ Rxd7 47. Nxd7 Kxd7 48. Kg2 Ke6 49. Kf3 Kf5 50. g4+ Kg5 51. Kg3 h5 52. f4+ Kg6 53. h3 hxg4 54. hxg4 f5 55. Kf3 Kf6 56. Kg3 Kg6 57. Kf3 Kf6 58. Kg3 g5 59. fxg5+ Kxg5 60. gxf5 Kxf5 1/2-1/2

[Event "FIDE Grand Swiss 2023"]
[Site "Douglas IOM"]
[Date "2023.11.01"]
[Round "7.37"]
[White "Martirosyan, Haik M."]
[Black "Bachmann, Ax"]
[Result "1/2-1/2"]
[WhiteElo "2696"]
[BlackElo "2604"]
[PlyCount "117"]
[EventDate "2023.10.25"]

1. d4 d5 2. c4 e6 3. Nf3 c6 4. Nbd2 f5 5. g3 Nf6 6. Bg2 Bd6 7. O-O O-O 8. Qc2 Qe7 9. Ne5 b6 ({RR} 9... Nbd7 10. Ndf3 Ne4 11. Nd3 b6 12. Bf4 Ba6 13. b3 Rac8 14. Rac1 Bxf4 15. Nxf4 Nd6 16. Ne5 Nxe5 17. dxe5 Ne4 18. Rfd1 Qf7 19. e3 g5 20. Ne2 Qg7 21. Qb2 dxc4 22. bxc4 Rfd8 23. f3 Nc5 24. Rd4 {Sasikiran,K (2652)-Moskalenko,V (2534) Playchess.com INT 2005 0-1 (48)}) 10. cxd5 cxd5 11. Ndc4 Bc7 $146 ({RR} 11... Bb7 12. Nxd6 Qxd6 13. Bf4 Rc8 14. Qb3 Qd8 15. g4 Nxg4 16. Nxg4 fxg4 17. Qg3 Nc6 18. Qxg4 Qf6 19. e3 Rf8 20. Bg3 Ba6 21. Rfc1 Rac8 22. Bh3 Rfe8 23. Rc3 Qg6 24. Qxg6 hxg6 25. Rac1 Bb7 26. b4 {Wichmann,C (2252)-Born,R (1955) Nuremberg 2005 1-0 (54)}) 12. b3 b5 13. Nd2 Bd6 14. Bb2 a5 15. Rfc1 Ba6 16. e3 b4 17. Qd1 Qb7 18. Rc2 Nbd7 19. Rac1 Rfc8 20. Ndc4 Bc7 21. h3 Nf8 22. g4 fxg4 23. hxg4 Ne4 24. Nd2 Nxd2 25. Qxd2 Bd6 26. Nc4 Bc7 27. f4 Ng6 28. Ne5 Bd6 29. Nd3 Rxc2 30. Rxc2 Nh4 31. Nc5 Qb5 32. Nxa6 Qxa6 33. Bh1 Rc8 34. Qc1 Rxc2 35. Qxc2 Be7 36. e4 Ng6 37. Bc1 dxe4 38. Qxe4 Qd6 39. Be3 Bd8 40. f5 exf5 41. gxf5 Ne7 42. Bg2 Bb6 43. Bf2 Kf8 44. Bf1 g6 45. fxg6 hxg6 46. Bc4 Kg7 47. Kg2 Nf5 48. Qe5+ Qf6 49. Bd3 Nxd4 50. Qd5 Ne6 51. Qb7+ Bc7 52. Bc4 Qg5+ 53. Kf1 Qc1+ 54. Kg2 Nf4+ 55. Kh2 Nd5+ 56. Kg2 Nf4+ 57. Kh2 Nd5+ 58. Kg2 Nf4+ 59. Kh2 1/2-1/2

[Event "St Louis Summer A"]
[Site "Saint Louis USA"]
[Date "2023.08.06"]
[Round "5.1"]
[White "Bok, B."]
[Black "Sasikiran, K."]
[Result "1-0"]
[WhiteElo "2617"]
[BlackElo "2604"]
[PlyCount "118"]
[EventDate "2023.08.02"]

1. d4 d5 2. c4 e6 3. Nf3 Nf6 4. g3 Bb4+ 5. Bd2 Be7 6. Bg2 O-O 7. O-O c6 8. Qc2 Nbd7 9. Rd1 b6 10. Bf4 Bb7 11. Ne5 Nh5 12. Bd2 Nhf6 13. Bf4 Nh5 14. Bd2 Nhf6 15. cxd5 cxd5 16. Nc6 Bxc6 17. Qxc6 Rc8 ({RR} 17... Qc8 18. Qb5 a6 19. Qd3 b5 20. Nc3 Nb6 21. e3 Qc4 22. Qb1 b4 23. b3 Qc6 24. Ne2 Qb7 25. Be1 Rac8 26. Qd3 Rc7 27. Rac1 Rfc8 28. f3 Rxc1 29. Rxc1 Rxc1 30. Nxc1 Qc6 31. Qd1 Nbd7 32. Nd3 {Makhnev,D (2558)-Camlar,A (2490) Astana KAZ 2026 ½-½ (78)}) 18. Qb5 Ne8 19. Qa6 $146 ({RR} 19. Qd3 Nd6 20. b3 f5 21. Be1 Nb8 22. e3 Nc6 23. f3 Qd7 24. Nc3 Rc7 25. Rac1 Rfc8 26. Bf1 Ne8 27. Nb5 Nb4 28. Rxc7 Nxc7 29. Bxb4 Bxb4 30. Rc1 Ne8 31. Rxc8 Qxc8 32. a3 Be7 33. Nxa7 Qc1 {Giri,A (2734)-So,W (2719) Wijk aan Zee 2014 ½-½ (57)}) 19... Nd6 20. Na3 Nf6 21. Rac1 Qd7 22. e3 h5 23. Bf1 h4 24. Nb5 Nc4 25. Bc3 Ne4 26. Qxa7 Qd8 27. Bxc4 Rxc4 28. Be1 Qc8 29. Nc3 Bb4 30. Ne2 Bxe1 31. Rxe1 Nd2 32. Red1 h3 33. Rxc4 Nf3+ 34. Kh1 Qxc4 35. Nc3 Qb4 36. Qa6 Qxb2 37. Qe2 Qxc3 38. Qxf3 Qc2 39. Rf1 Rc8 40. g4 Qe4 41. Qxe4 dxe4 42. Kg1 Rc2 43. Ra1 Kh7 44. Kf1 Rb2 45. a4 Kg6 46. a5 bxa5 47. Rxa5 Rb1+ 48. Ke2 Rh1 49. Re5 Rxh2 50. Rxe4 Rh1 51. Re5 h2 52. Rh5 f5 53. Kf3 fxg4+ 54. Kg2 Kxh5 55. Kxh1 Kg5 56. Kxh2 Kf5 57. Kg3 g5 58. Kg2 Ke4 59. Kh2 e5 1-0